Pochettes d'album - Trouver l'artiste - Statistiques

Statistiques générales
  • Ce quiz a été pris 115 fois
  • Le résultat moyen est 11 sur 15
Statistiques - réponses
Par images Réponse % Correct
Gims
98%
Orelsan
97%
Damso
96%
Nekfeu
89%
Laylow
84%
Vald
84%
PLK
82%
Pink floyd
77%
Jul
71%
Luv Resval
71%
Radiohead
67%
Freeze Corleone
64%
black pumas
56%
Femtogo
44%
Zamdane
36%
Aucun quiz correspondant
Distribution des résultats
% des personnes avec chaque résultat
Percentile par nombre de réponses
Votre historique - résultats
Vous n’avez pas pris ce quiz